Logos Quiz - Statistics

General Stats
  • This quiz has been taken 30 times
  • The average score is 4 of 16
Answer Stats
Picture Answer % Correct
Camel
73%
Saab
55%
Delta
41%
Honda
36%
Bojangles
32%
Buc-ees
23%
Canes
23%
Fender
23%
Menards
18%
Barefoot
9%
On Cloud
9%
Orvis
9%
Browning
5%
Kubota
5%
Ryzen
5%
Winchester
5%
No matching quizzes found
Score Distribution
Percent of People with Each Score
Percentile by Number Answered
Your Score History
You have not taken this quiz